[Event "Ceske Budejovice op-B"]
[Site "Ceske Budejovice"]
[Date "2023.07.03"]
[Round "3"]
[White "Hajek, Jiri1111"]
[Black "Sedivy, Karel"]
[Result "0-1"]
[WhiteElo "1692"]
[BlackElo "1605"]
[PlyCount "70"]
[EventDate "2023.07.01"]
[EventType "swiss"]
[EventRounds "9"]
[EventCountry "CZE"]
[SourceTitle "EXT 2024"]
[Source "ChessBase"]
[SourceDate "2023.10.10"]
[SourceVersion "1"]
[SourceVersionDate "2023.10.10"]
[SourceQuality "1"]

1. e4 c6 2. d4 d5 3. Nc3 dxe4 4. Nxe4 Bf5 5. Ng3 Bg6 6. h4 h6 7. h5 Bh7 8. Nf3 Nd7 9. Bd3 Bxd3 10. Qxd3 Ngf6 11. Bd2 e6 12. 0-0-0 Qc7 13. Ne2 Bd6 14. Rh4 0-0-0 15. Kb1 Nd5 16. c4 Nb4 17. Qb3 a5 18. c5 Be7 19. Bf4 e5 20. Nxe5 Nxe5 21. Bxe5 Qd7 22. Rhh1 Qf5+ 23. Kc1 Qxf2 24. Qh3+ f5 25. Rde1 Bg5+ 26. Kb1 Rhf8 27. Rhf1 Qe3 28. Qxe3 Bxe3 29. Rd1 Rd7 30. g4 f4 31. Bxf4 Rdf7 32. a3 Nd5 33. Rd3 Bxf4 34. Rdf3 Rf6 35. Ka2 Bc7 0-1

[Event "Ceske Budejovice op-B"]
[Site "Ceske Budejovice"]
[Date "2022.07.05"]
[Round "5"]
[White "Rayan, Mohammad Ali Hassan"]
[Black "Sedivy, Karel"]
[Result "1-0"]
[WhiteElo "1399"]
[BlackElo "1655"]
[PlyCount "83"]
[EventDate "2022.07.01"]
[EventType "swiss"]
[EventRounds "9"]
[EventCountry "CZE"]
[SourceTitle "EXT 2023"]
[Source "ChessBase"]
[SourceDate "2022.10.05"]
[SourceVersion "1"]
[SourceVersionDate "2022.10.05"]
[SourceQuality "1"]

1. e4 g6 2. d4 Bg7 3. Nc3 d6 4. Be3 Nf6 5. f3 Nbd7 6. Qd2 e5 7. dxe5 Nxe5 8. 0-0-0 Be6 9. Nd5 c6 10. Nxf6+ Bxf6 11. f4 Ng4 12. Bd4 Bxd4 13. Qxd4 Qf6 14. Qd2 Bxa2 15. h3 Nh6 16. e5 dxe5 17. fxe5 Qh4 18. g3 Qa4 19. Qxh6 Be6 20. Qf4 Qa1+ 21. Kd2 0-0-0+ 22. Bd3 Qxb2 23. Ke2 Rd7 24. Nf3 Rhd8 25. Qe3 Rxd3 26. Rxd3 Bc4 27. Qd2 Qb5 28. Rd1 a5 29. Ke1 Bxd3 30. cxd3 Qb4 31. Qxb4 axb4 32. Kd2 h6 33. Ra1 Kc7 34. Kc2 Kb6 35. Nd2 Kc5 36. Nb3+ Kb6 37. d4 Rd5 38. Kd3 Kc7 39. Ra4 b6 40. Ra7+ Kb8 41. Rxf7 c5 42. e6 1-0

[Event "Ceske Budejovice op-A"]
[Site "Ceske Budejovice"]
[Date "2020.07.03"]
[Round "3"]
[White "Sedivy, Karel"]
[Black "Baloun, Tomas"]
[Result "0-1"]
[WhiteElo "1722"]
[BlackElo "1859"]
[PlyCount "50"]
[EventDate "2020.07.01"]
[EventType "swiss"]
[EventRounds "9"]
[EventCountry "CZE"]
[SourceTitle "CBM 197 Extra"]
[Source "ChessBase"]
[SourceDate "2020.09.30"]
[SourceVersion "1"]
[SourceVersionDate "2020.09.30"]
[SourceQuality "1"]

1. d4 Nf6 2. c4 c5 3. d5 b5 4. cxb5 a6 5. bxa6 g6 6. Nc3 Bg7 7. e4 0-0 8. e5 Ne8 9. f4 Nxa6 10. Bc4 d6 11. Qe2 Nb4 12. e6 fxe6 13. dxe6 d5 14. Bd3 Nd6 15. Nf3 c4 16. Bb1 d4 17. Ng5 dxc3 18. Nxh7 Nd3+ 19. Bxd3 cxd3 20. Qxd3 Kxh7 21. h4 cxb2 22. h5 Qa5+ 23. Kf2 Qc5+ 24. Be3 Rxf4+ 25. Ke1 bxa1Q+ 0-1

[Event "Tabor op"]
[Site "Tabor"]
[Date "2013.07.29"]
[Round "2"]
[White "Sedivy, Karel"]
[Black "Sindelka, Vladimir"]
[Result "1-0"]
[WhiteElo "1851"]
[BlackElo "1586"]
[PlyCount "91"]
[EventDate "2013.07.28"]
[EventType "swiss"]
[EventRounds "9"]
[EventCountry "CZE"]
[SourceTitle "CBM 155 Extra"]
[Source "ChessBase"]
[SourceDate "2013.08.26"]
[SourceVersion "1"]
[SourceVersionDate "2013.08.26"]
[SourceQuality "1"]

1. d4 f5 2. c4 Nf6 3. Nc3 e6 4. Nf3 Be7 5. e3 c6 6. Be2 d5 7. Ne5 0-0 8. c5 Nbd7 9. Nxd7 Nxd7 10. f4 Nf6 11. 0-0 b6 12. b4 Ne4 13. Nxe4 fxe4 14. Bd2 Bd7 15. Qc2 bxc5 16. bxc5 a5 17. a4 Qc7 18. Rab1 g5 19. g3 gxf4 20. gxf4 Bh4 21. Kh1 Be8 22. Rg1+ Kh8 23. Qb3 Bg6 24. Qb7 Qxb7 25. Rxb7 Rae8 26. Be1 Bxe1 27. Rxe1 Rg8 28. Reb1 Bf5 29. Rg1 Bh3 30. Rg3 Rxg3 31. hxg3 Rg8 32. Kh2 Bf5 33. Rb6 Rg7 34. Rxc6 Rb7 35. Bb5 Rg7 36. Rc8+ Rg8 37. Rxg8+ Kxg8 38. c6 Kf8 39. c7 e5 40. Ba6 exd4 41. c8Q+ Bxc8 42. Bxc8 dxe3 43. Bg4 d4 44. Kg2 d3 45. Kf1 Ke7 46. Bf5 1-0

[Event "Tabor op"]
[Site "Tabor"]
[Date "2012.08.02"]
[Round "6"]
[White "Dolansky, Lukas"]
[Black "Sedivy, Karel"]
[Result "0-1"]
[WhiteElo "1470"]
[BlackElo "1884"]
[PlyCount "48"]
[EventDate "2012.07.29"]
[EventType "swiss"]
[EventRounds "9"]
[EventCountry "CZE"]
[SourceTitle "EXT 2013"]
[Source "ChessBase"]
[SourceDate "2012.11.22"]
[SourceVersion "1"]
[SourceVersionDate "2012.11.22"]
[SourceQuality "1"]

1. e4 g6 2. d4 Bg7 3. c4 d6 4. Nc3 Nf6 5. f3 0-0 6. Be3 c6 7. Qd2 Nbd7 8. 0-0-0 a6 9. g4 b5 10. cxb5 axb5 11. Bd3 b4 12. Nb1 Qa5 13. Ne2 Bb7 14. h4 Rfc8 15. Rdg1 c5 16. dxc5 Nxc5 17. Kd1 Nxd3 18. Qxd3 Ba6 19. Qd2 Qxa2 20. Ke1 Qxb1+ 21. Kf2 Qc2 22. Ra1 Qxd2 23. Bxd2 Bxe2 24. Kxe2 Nd7 0-1

[Event "Tabor op"]
[Site "Tabor"]
[Date "2010.08.03"]
[Round "4"]
[White "Sedivy, Karel"]
[Black "Misicko, Jan"]
[Result "0-1"]
[WhiteElo "1688"]
[BlackElo "2006"]
[PlyCount "66"]
[EventDate "2010.08.01"]
[EventType "swiss"]
[EventRounds "9"]
[EventCountry "CZE"]
[SourceTitle "EXT 2012"]
[Source "ChessBase"]
[SourceDate "2011.11.24"]
[SourceVersion "1"]
[SourceVersionDate "2011.11.24"]
[SourceQuality "1"]

1. d4 Nf6 2. c4 e6 3. Nf3 b6 4. g3 Bb7 5. Bg2 Be7 6. Nc3 0-0 7. 0-0 d5 8. cxd5 Nxd5 9. Nxd5 Bxd5 10. Bf4 Nd7 11. Rc1 Rc8 12. Qa4 c5 13. Ne5 Nxe5 14. Bxd5 Ng6 15. Bg2 Nxf4 16. gxf4 Rc7 17. dxc5 Bxc5 18. b4 Bd6 19. Rxc7 Qxc7 20. e3 e5 21. fxe5 Bxe5 22. f4 Bd6 23. Qb3 Qe7 24. a3 a5 25. bxa5 bxa5 26. e4 Bxa3 27. e5 Rd8 28. Kh1 Qb4 29. Qh3 Bb2 30. e6 fxe6 31. Qxe6+ Kh8 32. Be4 a4 33. Qh3 Qxe4+ 0-1

[Event "Tabor op"]
[Site "Tabor"]
[Date "2010.08.02"]
[Round "3"]
[White "Sedivy, Karel"]
[Black "Krska, David"]
[Result "1/2-1/2"]
[WhiteElo "1688"]
[BlackElo "1905"]
[PlyCount "81"]
[EventDate "2010.08.01"]
[EventType "swiss"]
[EventRounds "9"]
[EventCountry "CZE"]
[SourceTitle "EXT 2012"]
[Source "ChessBase"]
[SourceDate "2011.11.24"]
[SourceVersion "1"]
[SourceVersionDate "2011.11.24"]
[SourceQuality "1"]

1. d4 Nf6 2. c4 e6 3. Nf3 Bb4+ 4. Bd2 Bxd2+ 5. Nbxd2 d5 6. e3 0-0 7. Rc1 Nbd7 8. c5 c6 9. Bd3 Re8 10. 0-0 e5 11. dxe5 Nxe5 12. Nxe5 Rxe5 13. Nf3 Rh5 14. Qa4 Qc7 15. Qf4 Qxf4 16. exf4 Bf5 17. Bxf5 Rxf5 18. g3 Nd7 19. Nd4 Rf6 20. Rfe1 Kf8 21. b4 h5 22. h4 Re8 23. Rxe8+ Kxe8 24. Kg2 Nf8 25. Re1+ Kd7 26. f5 g6 27. fxg6 fxg6 28. f4 Ne6 29. Nf3 b6 30. cxb6 axb6 31. Ne5+ Kd6 32. a4 Nxf4+ 33. gxf4 Rxf4 34. a5 Rxb4 35. axb6 Rxb6 36. Nxg6 Rb4 37. Kf3 Rg4 38. Ne7 d4 39. Nf5+ Kd5 40. Ne7+ Kd6 41. Nf5+ 1/2-1/2

[Event "Tabor op"]
[Site "Tabor"]
[Date "2010.08.02"]
[Round "2"]
[White "Straka, Zdenek"]
[Black "Sedivy, Karel"]
[Result "1/2-1/2"]
[WhiteElo "2011"]
[BlackElo "1688"]
[PlyCount "126"]
[EventDate "2010.08.01"]
[EventType "swiss"]
[EventRounds "9"]
[EventCountry "CZE"]
[SourceTitle "EXT 2012"]
[Source "ChessBase"]
[SourceDate "2011.11.24"]
[SourceVersion "1"]
[SourceVersionDate "2011.11.24"]
[SourceQuality "1"]

1. d4 Nf6 2. Nf3 g6 3. c4 Bg7 4. Nc3 d6 5. e4 0-0 6. h3 c6 7. g4 Qa5 8. Bd2 Qb6 9. Qc2 Nbd7 10. Be3 Qa5 11. Nd2 e5 12. Nb3 Qc7 13. d5 a6 14. Be2 cxd5 15. cxd5 b5 16. Qd3 Bb7 17. Rc1 Qd8 18. f3 Rc8 19. Kf2 Ba8 20. Qd2 Ne8 21. Qd3 Qh4+ 22. Kg2 Bh6 23. Bf2 Qd8 24. Rc2 Bf4 25. Bd1 Ng7 26. Ne2 Rxc2 27. Qxc2 Qc8 28. Nxf4 Qxc2 29. Bxc2 exf4 30. Bd3 Ne5 31. Be2 Rc8 32. Rc1 Rxc1 33. Nxc1 f5 34. gxf5 gxf5 35. Bd4 Kf7 36. a4 fxe4 37. fxe4 f3+ 38. Bxf3 Nxf3 39. Kxf3 Ne8 40. axb5 axb5 41. Nd3 Bb7 42. Nf4 Bc8 43. Ke3 Ke7 44. Kd3 Bd7 45. Kc3 Bc8 46. Kb4 Bd7 47. h4 Nf6 48. e5 dxe5 49. Bxe5 Ne8 50. Kc5 Nf6 51. Bxf6+ Kxf6 52. Ne2 Kg6 53. Nd4 b4 54. Kxb4 Kh5 55. Nf3 Bc8 56. d6 Kg4 57. Ne5+ Kxh4 58. Kc3 Kg3 59. Kd4 h5 60. Ng6 h4 61. Nxh4 Kxh4 62. Kc5 Kg5 63. b4 Bd7 1/2-1/2